00453 2200181 4500245006500000020002200065250001000087700001800097100002300115650003100138650001000169005001900179260001800198041001400216084001100230300002100241336000900262 aPanduan Penulisan Buku Cerita AnakcBambang TrimansyahhText a978-623-307-123-9 aCet.1 aKity Karenisa aBambang Trimansyah aTeknik Penulisan Buku Anak aEbook a20241104113627 aJakartac2020 aIndonesia a808.02 aviii :c106 hlm. atext